00489nam a2200157Ia 4500020001800000082001800018245007300036250000800109260004100117300001500158504003600173650004500209650003800254700002100292700001800313 a9781412920292 a362.1072 SAG- 0aSage handbook of action research: participative inquiry and practice a2nd aLos AngelesbSage Publicationsc2008 axxxii, 720 aincludea bibliography and index aAction researchvHandbooks, Manuals etc. aResearchvHandbooks, Manuals etc. aBradbury, Hilary aReason, Peter